Normal view MARC view

Entry Topical Term

Number of records used in: 2

001 - CONTROL NUMBER

  • control field: 751994

003 - CONTROL NUMBER IDENTIFIER

  • control field: OSt

005 - DATE AND TIME OF LATEST TRANSACTION

  • control field: 20250409120443.0

008 - FIXED-LENGTH DATA ELEMENTS

  • fixed length control field: 250409|| aca||aabn | a|a d

040 ## - CATALOGING SOURCE

  • Original cataloging agency: OSt
  • Transcribing agency: OSt

150 ## - HEADING--TOPICAL TERM

  • Topical term or geographic name entry element: Sustainable architecture

670 ## - SOURCE DATA FOUND

  • Source citation: Work cat.: (OSt)1308585: Kumar, Narendar 751993, Urban flood mitigation strategies using geospatial tools: A practical approach for cities and towns of the developing world, 2024
Copyright @ Delhi University Library System